00276nam a2200097Ia 4500008004100000100002400041245004500065260004200110260000900152999001700161170620s9999 xx 000 0 und d aReddy- G. Lokanadha 0aEducation of Children With Special Needs bNew Delhi- Discovery Publishing House c2003 c24334d24334